| 000 | 01237nam0a22002411 4500 | ||
|---|---|---|---|
| 001 | rc\736321 | ||
| 005 | 20040301141900.7 | ||
| 035 | _a(NLR Aleph) 006266297 | ||
| 090 |
_a6901846 _c6901846 |
||
| 100 | _a20040301d1985 u |0rusy50 ca | ||
| 101 | 0 | _arus | |
| 102 | _aRU | ||
| 105 | _aa ||||||||| | ||
| 200 | 1 |
_aРеконструктивно-восстановительные операции при подготовке к протезированию больных с ампутационными дефектами стоп _eМетод. рекомендации _fМ-во здравоохранения РСФСР, Гл. упр. НИИ и координации науч. исслед., М-во соц. обеспечения РСФСР, Ленингр. НИИ протезирования _g[Составили Т.Е. Старцева и др.] |
|
| 210 |
_aЛ. _cБ. и. _d1985 |
||
| 215 |
_a18 с. _cил. _d20 |
||
| 702 | 1 |
_aСтарцева _bТ. Е. _4220 |
|
| 712 | 0 | 1 |
_aРСФСР _bМ-во здравоохранения _bГлавное упр. НИИ и координации науч. исследований |
| 801 | 0 |
_aRU _bNLR _gpsbo |
|
| 801 | 1 |
_aRU _bELAR _2rusmarc |
|
| 852 |
_aNLR _j86-4/6501 |
||
| 942 | _cBOOK | ||
| 980 | _aNB | ||